| 000 | 01249cam a2200277 i 4500 | ||
|---|---|---|---|
| 001 | 4629601 | ||
| 003 | EG-ScBUE | ||
| 005 | 20250522134531.0 | ||
| 008 | 780629s1979 enka fr 001 0 eng | ||
| 020 | _a0582444950 | ||
| 040 |
_aEG-ScBUE _beng _erda _cEG-ScBUE _dEG-ScBUE |
||
| 082 | 0 | 4 |
_a532 _222 _bWAL |
| 100 | 1 |
_aWalshaw, A. C. _q(Arthur Clifford), _d1907- _96489 _eauthor. |
|
| 245 | 1 | 0 |
_aMechanics of fluids / _cA. C. Walshaw, D.Sc., A.C.G.I., C.Eng., F.I.Mech.E. Professor-Emeritus, University of Aston In Birmingham, formerly head of the Department and Professor of Mechanical Engineering and D. A. Jobson, B.Sc., C.Eng., M.I.Mech.E., M.R.Ae.S. Technical Manager, Northern Division, United Kingdom Atomic Energy Authority, Both Formerly Assistant Professor of Applied Mechanics, Royal Naval College, Greenwich. |
| 250 | _aThird edition, in SI units. | ||
| 264 | 1 |
_aLondon : _bLongman, _c1979. |
|
| 300 |
_axvii, 599 pages : _billustrations ; _c24 cm |
||
| 336 |
_2rdacontent _atext _btxt |
||
| 337 |
_aunmediated _2rdamedia _bn |
||
| 338 |
_avolume _bnc _2rdacarrier |
||
| 500 | _aIncludes index. | ||
| 650 | 7 |
_aFluid mechanics. _96490 _2BUEsh |
|
| 655 | _vReading book | ||
| 700 | 1 |
_aJobson, Donald Albert, _eauthor. _96491 |
|
| 942 |
_2ddc _cBB |
||
| 999 |
_c11906 _d11906 |
||